Statistics for 'Highest' geography

Click here to take the quiz!

General Stats

  • This quiz has been taken 44 times
  • The average score is 6 of 15

Answer Stats

CateogryAnswer% Correct
The countries that share the highest point above sea-level (alphabetical order)China
95%
Nepal
95%
The world's highest waterfallAngel Falls
67%
The highest US stateColorado
59%
'The highest navigable lake in the world'Lake Titicaca
54%
The country with the highest average elevationBhutan
51%
The highest capital city in the worldLa Paz
49%
The country with the highest lowest point in EuropeAndorra
41%
The country with the highest point from the Earth's coreEcuador
41%
The country with the highest human settlementPeru
38%
The country with the highest lowest point in the worldLesotho
26%
The island with the highest point of any islandNew Guinea
18%
The highest city in the United StatesLeadville
10%
The highest body of water in the world is a nameless lake in this volcanoNevado Ojos del Salado
3%
The highest village in the United KingdomFlash
3%

Score Distribution

Percentile by Number Answered

Percent of People with Each Score

Your Score History

You have not taken this quiz